Keď havrany zbadajú sokola, pochopia, že sa musia poberať - košické letisko využíva na ochranu svojho vzdušného priestoru aj štyroch operených dravcov

Bibliographic Details
Main Author: Božinovská, Andrea (Author)
Format: Article
Language:Slovak
PhysicalDescription:Obr.
ISSN:1336-5320
Subjects:
Online Access:www.korzar.sk

MARC

LEADER 00000nab a2200000 a 4500
001 vtls008988666
003 SK-MaSNL
005 20260304035014.0
008 070514 2007 xo r r 000 0 slo
038 |a KEVKJB 
040 |a KEVKJB  |b slo  |c KEVKJB  |e AACR2 
041 0 |a slo 
044 |a xo  |c SK 
080 |a 598.2  |2 2001 
080 |a 629.7.067  |2 2001 
080 |a 656.7  |2 2001 
080 |a 351.814.2  |2 2001 
100 1 |a Božinovská, Andrea  |4 aut  |9 873401 
245 1 0 |a Keď havrany zbadajú sokola, pochopia, že sa musia poberať -  |b košické letisko využíva na ochranu svojho vzdušného priestoru aj štyroch operených dravcov  |c Andrea Božinovská 
300 |b Obr. 
610 2 7 |a Letisko (Košice, Slovensko)  |2 SNKKA  |9 29622 
650 0 7 |a letiská  |2 SNKPH  |9 3006 
650 0 7 |a lietadlá  |2 SNKPH  |9 4248 
650 0 7 |a biologická ochrana rastlín  |2 SNKPH  |9 224755 
650 0 7 |a vtáky  |2 SNKPH  |9 2762 
650 0 7 |a preventívne opatrenia  |2 SNK  |9 49970 
651 7 |a Košice (Slovensko)  |2 SNKPHgeo  |9 18694 
773 0 |t Košický večer  |g Roč. 18(39), č. 19 (11.5.2007), s. 9  |x 1336-5320 
852 |a KEVKJB  |b KIS3GCP 
856 4 1 |u www.korzar.sk 
999 |c 2655856  |d 2657786